000 00647nam a2200241 a 4500
001 42530
003 BD-RjUL
005 20211209053544.0
008 160613s1969 enk b 001 0ceng
035 _a(BD-RjUL)42648
040 _aDLC
_cDLC
_dDLC
_dBD-RjUL
_beng
041 _aeng
082 0 0 _a330
_223
_bPEG 1969
100 1 _aPearce, Alan
_9130803
245 1 0 _aGreat ideas in economics /
_bAlan Pearce
260 _aLondon,
_bMaxwell,
_c1969.
300 _axiii, 226 p. ;
_c23 cm.
490 0 _a[Great ideas series, no. 5]
500 _aIndex
650 0 _aEconomists.
_9124403
650 0 _aEconomics
_xHistory.
_9126593
942 _2ddc
_cBK
999 _c42530
_d42530